| 000 | 01660nam a22003855a 4500 | ||
|---|---|---|---|
| 003 | EG-ScBUE | ||
| 005 | 20220718101223.0 | ||
| 008 | 170524s2006 ua f b 000 0 ara d | ||
| 017 | _a2006 / 17521 | ||
| 020 | _a9771610694 | ||
| 020 | _a9789771610694 | ||
| 040 |
_aEG-ScBUE _bara _erda _cEG-ScBUE _dEG-ScBUE |
||
| 041 | 1 |
_aara _aeng _hara |
|
| 043 |
_ama----- _af-ua--- |
||
| 082 | 0 | 4 |
_a492.78021 _bب ط ل _222 |
| 100 | 1 |
_aبطل، محمد، _d1957- _eمؤلف. |
|
| 245 | 1 | 0 |
_aترجمة الأدب المصري المعاصر : _bالنظرية والتطبيق / _cالدكتور محمد البطل. |
| 246 | 3 | 5 |
_aTranslating contemporary Egyptian literature : _btheory and practice |
| 250 | _aالطبعة الأولى. | ||
| 264 | 1 |
_aالجيزة، مصر : _bالشركة المصرية العالمية للنشر، لونجمان ؛ _aبيروت : _bمكتبة لبنان ناشرون، _c2006. |
|
| 300 |
_a183 صفحة ؛ _c24 سم. |
||
| 336 |
_2rdacontent _aنص _btxt |
||
| 337 |
_2rdamedia _aبدون وسيط _bn |
||
| 338 |
_2rdacarrier _aمجلد _bnc |
||
| 490 | 0 | _aلغويات | |
| 504 | _aيشتمل على إرجاعات ببليوجرافية. | ||
| 546 | _aالنص باللغتين العربية والإنجليزية مع ترجمة نصوص عربية إلى الإنجليزية. | ||
| 650 | 7 |
_aالأدب العربي _zمصر _xتاريخ ونقد _vقرن 20. _2BUEsh _941806 |
|
| 650 | 7 |
_aالترجمة _zالبلاد العربية. _2BUEsh |
|
| 650 | 7 |
_aالأدب العربي _xترجمة _zمصر. _2BUEsh _941806 |
|
| 651 | _2BUEsh | ||
| 653 |
_bGGEN _cMay2017 |
||
| 655 |
_vReading book _934232 |
||
| 942 | _2ddc | ||
| 999 |
_c24880 _d24852 |
||